| 000 | 01298aam a2200337 i 4500 | ||
|---|---|---|---|
| 001 | 7689714001 | ||
| 003 | CO-MdFUSB | ||
| 005 | 20250516160336.0 | ||
| 007 | ta | ||
| 008 | 180803t1997 nyu||||g |||| 00| 0 eng d | ||
| 020 | _a1-57075-115-3 | ||
| 040 |
_aCO-MdFUSB _bspa _cCO-MdFUSB _dCO-MdFUSB _erda |
||
| 041 | _aeng | ||
| 082 |
_224 _aG 248.092 _bK52c |
||
| 100 | 1 |
_aKing, Ursula _eautor |
|
| 245 | 1 | 0 |
_aChrist in all things _b: exploring spirituality with Teilhard de Chardin _c/ Ursula King |
| 264 | 1 |
_aMaryknoll, New York : _bOrbis Books, _c℗1997 |
|
| 264 | 4 | _c©1997 | |
| 300 |
_a181 páginas _c; 21 cm |
||
| 336 |
_2rdacontent _atexto _btxt |
||
| 337 |
_2rdamedia _asin mediación _bn |
||
| 338 |
_2rdacarrier _avolumen _bnc |
||
| 490 | 4 | _aThe Bampton Lectures | |
| 501 | _aIncluye índice (páginas 177-181) | ||
| 505 | _aEspiritualidad cristiana de hoy -- El poder de la visión espiritual de Teiilhard de Chardin -- Espiritualidad y evolución -- Cristo en todas las cosas -- Misticismo en acción -- El diálogo interreligioso y la espiritualidad cristiana -- La teología del tercer mundo y las voces de las mujeres -- La espiritualidad cristiana | ||
| 563 | _aRústico | ||
| 650 | 0 |
_919 _aVida cristiana |
|
| 942 | _cBK | ||
| 945 | _aJTF-925 | ||
| 999 |
_c46264 _d46264 |
||